Cách mạng tháng tám 1945 - Thắng lợi của chủ nghĩa Marx-lenin và đường lối cách mạng đúng đắn sáng suốt của Đảng ta /
保存先:
| 第一著者: | |
|---|---|
| フォーマット: | 論文 |
| 言語: | Vietnamese |
| 主題: | |
| タグ: |
タグ追加
タグなし, このレコードへの初めてのタグを付けませんか!
|
| Thư viện lưu trữ: | Thư viện Trường Đại học Đà Lạt |
|---|
| LEADER | 00917nam a2200277 4500 | ||
|---|---|---|---|
| 001 | DLU170179182 | ||
| 005 | ##20170317 | ||
| 040 | # | # | |a DLU |b vie |
| 041 | # | # | |a vie |
| 044 | # | # | |a vn |
| 100 | # | # | |a Phương Minh Hoà. |
| 245 | # | # | |a Cách mạng tháng tám 1945 - Thắng lợi của chủ nghĩa Marx-lenin và đường lối cách mạng đúng đắn sáng suốt của Đảng ta / |c Phương Minh Hoà |
| 653 | # | # | |a Đảng Cộng sản |
| 653 | # | # | |a Đường lối cách mạng |
| 653 | # | # | |a Cách mạng tháng 8 |
| 653 | # | # | |a Hoạt động cách mạng |
| 773 | # | # | |t Nghiên cứu Châu Âu |g Số 7(178), 2015, tr. 3-8 |
| 920 | # | # | |a Phòng Tạp chí -- Trung tâm Thông tin - Thư viện Trường Đại học Đà Lạt |
| 994 | # | # | |a DLU |
| 900 | # | # | |a True |
| 911 | # | # | |a Nguyễn Thị Tưởng |
| 925 | # | # | |a G |
| 926 | # | # | |a A |
| 927 | # | # | |a BB |
| 980 | # | # | |a Thư viện Trường Đại học Đà Lạt |